Mr. Tucket / (Record no. 2544)

MARC details
000 -LEADER
fixed length control field 01070pam a2200301 a 4500
005 - DATE AND TIME OF LATEST TRANSACTION
control field 20231214155807.0
020 ## - INTERNATIONAL STANDARD BOOK NUMBER
International Standard Book Number 0385311699
020 ## - INTERNATIONAL STANDARD BOOK NUMBER
International Standard Book Number 9780545324335
040 ## - CATALOGING SOURCE
Original cataloging agency DLC
Transcribing agency DLC
Modifying agency DLC
Language of cataloging eng
050 00 - LIBRARY OF CONGRESS CALL NUMBER
Classification number PZ7.P2843
Item number Mi 1994
082 00 - DEWEY DECIMAL CLASSIFICATION NUMBER
Classification number 813.54
Edition number 20
100 1# - MAIN ENTRY--PERSONAL NAME
Personal name Paulsen, Gary
245 10 - TITLE STATEMENT
Title Mr. Tucket /
Statement of responsibility, etc. Gary Paulsen
250 ## - EDITION STATEMENT
Edition statement First Scholastic printing, November 2010
260 ## - PUBLICATION, DISTRIBUTION, ETC.
Place of publication, distribution, etc. New York :
Name of publisher, distributor, etc. Scholastic,
Date of publication, distribution, etc. 1994
300 ## - PHYSICAL DESCRIPTION
Extent 166 pages :
Dimensions 22 cm
505 ## - FORMATTED CONTENTS NOTE
Formatted contents note P
520 ## - SUMMARY, ETC.
Summary, etc. In 1848, while on a wagon train headed for Oregon, fourteen-year-old Francis Tucket is kidnapped by Pawnee Indians and then falls in with a one-armed trapper who teaches him how to live in the wild.
521 ## - TARGET AUDIENCE NOTE
Target audience note 830
Source Lexile
521 ## - TARGET AUDIENCE NOTE
Target audience note P
Source Raz-Plus
650 #1 - SUBJECT ADDED ENTRY--TOPICAL TERM
Topical term or geographic name entry element Frontier and pioneer life
Geographic subdivision West (U.S.)
General subdivision Fiction.
650 #1 - SUBJECT ADDED ENTRY--TOPICAL TERM
Topical term or geographic name entry element Pawnee Indians
General subdivision Fiction.
650 #1 - SUBJECT ADDED ENTRY--TOPICAL TERM
Topical term or geographic name entry element Indians of North America
Geographic subdivision Great Plains
General subdivision Fiction.
650 #1 - SUBJECT ADDED ENTRY--TOPICAL TERM
Topical term or geographic name entry element Overland journeys to the Pacific
General subdivision Fiction.
906 ## - LOCAL DATA ELEMENT F, LDF (RLIN)
a 7
b cbc
c orignew
d 1
e ocip
f 19
g y-gencatlg
942 ## - ADDED ENTRY ELEMENTS (KOHA)
Source of classification or shelving scheme Dewey Decimal Classification
Koha item type Books
Suppress in OPAC No
999 ## -
-- 2544
-- 2544
Holdings
Withdrawn status Lost status Source of classification or shelving scheme Damaged status Not for loan Collection Home library Current library Shelving location Date acquired Total Checkouts Full call number Barcode Date last seen Date last checked out Price effective from Koha item type
    Dewey Decimal Classification     Fiction Footprints International School Library Network Toul Kork Campus Footprints International School Library Network Toul Kork Campus TTP Secondary Fiction Bookshelves 12/14/2023 1 PAU 813.54 PZ7.P2843 FISSE00925 03/06/2024 01/10/2024 12/14/2023 Books